Sports Quiz

Random Sports or Football Quiz

Serie A Clubs Quiz Stats

 Plays Quiz not verified by Sporcle

Challenge
Share
Tweet
Embed
Score 0/50 Timer 10:00
0 Plays Today
Years Answer % Correct
1992/93 - 2017/18Milan
99.5%
1992/93 - 2005/06, 2007/08 - 2017/18Juventus
99.5%
1992/93 - 2017/18Inter
99.4%
1992/93 - 2017/18Roma
99.2%
1992/93 - 2017/18Lazio
97.6%
1992/93, 1994/95 - 2001/02, 2004/05 - 2017/18Fiorentina
96.7%
1992/93 - 1998/99, 2003/04 - 2010/11, 2012/13 - 2017/18Sampdoria
95%
1992/93 - 1995/96, 99/00, 01/02 - 02/03, 06/07 - 08/09, 12/13 - 17/18Torino
95%
1992/93 - 1997/98, 2000/01, 2007/08 - 2017/18Napoli
94.5%
1992/93 - 1994/95, 2007/08 - 2017/18Genoa
93.7%
1992/93 - 1993/94, 1995/96 - 2017/18Udinese
93.6%
2001/02 - 2006/07, 2008/09 - 2017/18Chievo
91.7%
1996/97, 1999/00 - 2001/02, 2013/14 - 2015/16, 2017/18Verona
91.7%
2004/05 - 2012/13, 2014/15 - 2016/17Palermo
90.9%
1992/93 - 2007/08, 2009/10 - 2014/15Parma
90.6%
1992/93 - 1993/94, 95/96 - 97/98, 2000/01 - 02/03, 04/05, 06/07 - 09/10, 11/12 - 17/18Atalanta
90.4%
1996/97 - 2004/05, 2008/09 - 13/14, 2015/16 - 17/18Bologna
89%
2017/18Benevento
88.4%
1994/95 - 1995/96, 1997/98 - 2000/01, 2009/10 - 2010/11Bari
87.5%
1992/93 - 96/97, 1998/99 - 1999/00, 2004/05 - 14/15, 2016/17 - 17/18Cagliari
87.1%
2017/18SPAL
86%
2013/14 - 2017/18Sassuolo
77.4%
1993/94, 97/98, 99/00 - 01/02, 03/04 - 05/06, 08/09, 10/11 - 11/12Lecce
75.5%
1997/98 - 98/99, 02/03 - 03/04, 05/06 - 07/08, 14/15 - 16/17Empoli
75.1%
1992/93, 94/95, 97/98, 00/01 - 04/05, 10/11Brescia
74.9%
Years Answer % Correct
1992/93, 2012/13, 2016/17Pescara
69.9%
2004/05 - 2007/08, 2009/10, 2013/14Livorno
69.6%
2016/17 - 2017/18Crotone
69.5%
1999/00 - 2000/01, 2002/03 - 2008/09Reggina
68.8%
1998/99 - 1999/00, 2001/02Venezia
68.3%
2006/07 - 2013/14Catania
67.9%
1996/97, 1998/99 - 2003/04Perugia
65.8%
1995/96 - 1998/99, 2000/01Vicenza
65.2%
2015/16Carpi
63.2%
2003/04 - 2009/10, 2011/12 - 2012/13Siena
63%
2015/16Frosinone
62.5%
2005/06 - 2006/07Ascoli
59.9%
1993/94, 1995/96 - 1999/00, 2001/02 - 2002/03Piacenza
59.4%
2004/05 - 2006/07Messina
55.2%
1998/99Salernitana
54.7%
2011/12Novara
54.5%
2002/03Como
53.6%
2010/11 - 2011/12, 2014/15Cesena
52.8%
2002/03 - 2003/04Modena
52.7%
1993/94 - 1994/95, 1996/97Reggiana
51.9%
1992/93 - 1994/95Foggia
47.5%
1992/93, 2003/04Ancona
46.2%
1993/94 - 1995/96Cremonese
44%
2005/06Treviso
43.1%
1994/95 - 1995/96Padova
40.3%

You're not logged in!

Compare scores with friends on all Sporcle quizzes.
Join for Free
OR
Log In

You Might Also Like...

Show Comments

Extras

Top Quizzes Today


Score Distribution

Your Account Isn't Verified!

In order to create a playlist on Sporcle, you need to verify the email address you used during registration. Go to your Sporcle Settings to finish the process.

Report this User

Report this user for behavior that violates our Community Guidelines.

Details: